书目信息 |
| 题名: |
纳米生物医药
|
|
| 作者: | 高志贤 , 李小强 主编 | |
| 分册: | ||
| 出版信息: | 北京 化学工业出版社 2007.04 |
|
| 页数: | 341页 | |
| 开本: | 21cm | |
| 丛书名: | ||
| 单 册: | ||
| 中图分类: | R318.08 | |
| 科图分类: | ||
| 主题词: | 生物医学工程--sheng wu yi xue gong cheng--纳米材料--生物材料 | |
| 电子资源: | ||
| ISBN: | 978-7-5025-9983-6 | |
| 000 | 00856nam0 2200241 450 | |
| 001 | 012007435875 | |
| 005 | 20070930155442.17 | |
| 010 | @a978-7-5025-9983-6@dCNY28.00 | |
| 100 | @a20070815d2007 km y0chiy0120 ea | |
| 101 | 0 | @achi |
| 102 | @aCN@b110000 | |
| 105 | @aa a 000yy | |
| 200 | 1 | @a纳米生物医药@Ana mi sheng wu yi yao@f高志贤, 李小强主编@Fgao zhi xian,li xiao qiang zhu bian |
| 210 | @a北京@c化学工业出版社@d2007.04 | |
| 215 | @a341页@c图@d21cm | |
| 320 | @a有书目 (第331-333页)。 | |
| 330 | @a本书内容包括:概述,纳米生物材料,纳米材料的生物效应及毒理学,纳米生物传感器与芯片技术,纳米颗粒免疫技术等。 | |
| 606 | 0 | @a生物医学工程@Asheng wu yi xue gong cheng@x纳米材料@x生物材料 |
| 690 | @aR318.08@v4 | |
| 701 | 0 | @a高志贤@Agao zhi xian@4主编 |
| 701 | 0 | @a李小强@Ali xiao qiang@4主编 |
| 801 | 0 | @aCN@c20070930 |
| 905 | @dR318.08@eG217 | |
| 纳米生物医药/高志贤, 李小强主编.-北京:化学工业出版社,2007.04 |
| 341页:图;21cm |
| ISBN 978-7-5025-9983-6:CNY28.00 |
| 本书内容包括:概述,纳米生物材料,纳米材料的生物效应及毒理学,纳米生物传感器与芯片技术,纳米颗粒免疫技术等。 |
| ● |
| 相关链接 |
|
|
|
正题名:纳米生物医药
索取号:R318.08/G217
 
预约/预借
| 序号 | 登录号 | 条形码 | 馆藏地/架位号 | 状态 | 备注 |
| 1 | 254568 | 202545683 | 自科库401/401自科库 13排4列2层/ [索取号:R318.08/G217] | 在馆 | |
| 2 | 254569 | 202545692 | 自科库401/401自科库 13排4列2层/ [索取号:R318.08/G217] | 在馆 | |
| 3 | 254570 | 202545709 | 自科二线504/504自科库 43排4列5层/ [索取号:R318.08/G217] | 在馆 |